| 000 | 00812nam a2200265 a 4500 | ||
|---|---|---|---|
| 001 | vtls001151352 | ||
| 003 | NLI | ||
| 005 | 20210603134720.0 | ||
| 008 | 120326s2001 ii s f000 0 eng | ||
| 039 | 9 |
_a201203302105 _bVLOAD _y201203262124 _zDatasoft |
|
| 040 |
_aNLI _beng _cDatasoft_IOD_S _eAACR2 |
||
| 041 | 0 | _aeng | |
| 044 | _aii | ||
| 082 | 0 | 4 | _a315.411 |
| 110 | 1 |
_aAssam (India). _bDirectorate of Economics and Statistics _97229 |
|
| 245 | 1 | 0 |
_aAssam at a glance _f2001 / _cDirectorate of economics and statistics, the Govt. of Assam |
| 260 |
_aGuwahati : _bThe Department, _c2001 |
||
| 300 |
_a17 p. ; _c13 cm. |
||
| 651 | 0 |
_aAssam (India) _xStatistics |
|
| 887 | _a | ||
| 901 |
_a135184 date _b21.02.2002 _9[2001 ] |
||
| 902 | _aGP 315.411 As 72 | ||
| 942 |
_2ddc _cBKS |
||
| 999 |
_aVIRTUA40 _c434591 _d434591 |
||